Azul...: El salmo de la pluma. Cantos de vida y esperanza. Otros poemas

Guardat en:
Dades bibliogràfiques
Autor principal: Darío, Rubén
Format: Llibre
Idioma:Undetermined
Publicat: México, Distrito Federal Porrúa 1967
Edició:2
Matèries:
Etiquetes: Afegir etiqueta
Sense etiquetes, Sigues el primer a etiquetar aquest registre!

MARC

LEADER 00000nam a2200000Ia 4500
008 170316s9999 xx 000 0 und d
040 |a cru BVZT 
090 |a 860 D-3az 
100 |a Darío, Rubén 
245 |a Azul...: El salmo de la pluma. Cantos de vida y esperanza. Otros poemas 
250 |a 2 
260 |a México, Distrito Federal 
260 |b Porrúa 
260 |c 1967 
300 |a 172 páginas 
650 |a LITERATURA LATINOAMERICANA 
999 |c 8612  |d 8612 
942 |c 15 D  |h 860 D-3az  |2 z